000 00689cam a22002413a 4500
001 2280
003 PGUSA
005 20140828083012.0
008 000801s2000||||xxu|||||s|||||000 1 eng d
040 _aPGUSA
_beng
042 _adc
050 4 _aPS
100 1 _aHarte, Bret,
_d1836-1902
245 1 2 _aA Millionaire of Rough-and-Ready
_h[electronic resource] /
_cBret Harte
260 _bProject Gutenberg,
_c2000
506 _aPublic domain in the USA.
516 _aElectronic text
653 _aCalifornia -- Social life and customs -- Fiction
653 _aWestern stories
830 0 _aProject Gutenberg
_v2280
856 4 0 _uhttp://www.gutenberg.org/ebooks/2280
942 _cEB
999 _c231617
_d231617